Random Turkish Words #1 - Statistics

General Stats
  • This quiz has been taken 197 times
    191 since last reset
  • The average score is 12 of 21
Answer Stats
Turkish English % Correct
Ekmek Bread
91%
Portakal Orange
89%
Banyo Bathroom
87%
Pembe Pink
82%
Kapı Door
76%
Sigara Cigarette
75%
Yıldız Star
75%
Yağmur Rain
74%
Mor Purple
69%
Uçak Plane
63%
Zürafa Giraffe
62%
İlaç Medicine
54%
Orman Forest
49%
Kaplan Tiger
43%
Çiftlik Farm
40%
Eldiven Glove
38%
Kılıç Sword
34%
Masal Fairytale
29%
Şimşek Lightning
27%
Tarak Comb
25%
Bataklık Swamp
18%
No matching quizzes found
Score Distribution
Percent of People with Each Score
Percentile by Number Answered
Your Score History
You have not taken this quiz since the last reset